000 00661nam a2200277Ia 4500
005 20260121124532.0
008 008 260114s9999 xx 000 0 eng d
020 _a9781773852553
037 _aEBOOK
040 _aCRL
040 _beng
040 _cCRL
041 _2eng
041 _aeng
084 _qCRL
100 _aNorton, John D.
_9977656
245 4 _aThe Material Theory of Induction
260 _bWalter de Gruyter
260 _bWalter de Gruyter
260 _c2021
650 _aPhilosophy
_9977657
856 _uhttp://www.degruyter.com/isbn/9781773852553
942 _cEBOOK
999 _c1555318
_d1555318